|
|
|
|
| LEADER |
00000naa2a2200000 4500 |
| 001 |
634013 |
| 005 |
20240207160959.0 |
| 035 |
|
|
|a (RuTPU)RU\TPU\conf\35763
|
| 035 |
|
|
|a RU\TPU\conf\34215
|
| 090 |
|
|
|a 634013
|
| 100 |
|
|
|a 20211221d2021 k y0rusy50 ca
|
| 101 |
0 |
|
|a rus
|
| 102 |
|
|
|a RU
|
| 105 |
|
|
|a y z 101zy
|
| 135 |
|
|
|a drcn ---uucaa
|
| 181 |
|
0 |
|a i
|
| 182 |
|
0 |
|a b
|
| 200 |
1 |
|
|a Особенности английских неологизмов из области гастрономии
|f Н. В. Аксёнова, Ю. А. Зеремская, О. В. Солодовникова
|
| 203 |
|
|
|a Текст
|c электронный
|
| 225 |
1 |
|
|a Актуальные векторы исследований и подходы в современной лингвистике
|
| 300 |
|
|
|a Заглавие с экрана
|
| 320 |
|
|
|a [Библиогр.: с. 13 (5 назв.)]
|
| 330 |
|
|
|a Данная статья посвящена английским неологизмам, появившимся в области гастрономии и зафиксированным в электронном словаре Merriam-Webster. Благодаря стремительному росту популярности данных гастронимов в 2017 г. возникла необходимость включения их в электронный словарь.
|
| 463 |
|
0 |
|0 (RuTPU)RU\TPU\conf\35746
|t Язык. Общество. Образование
|o сборник научных трудов II Международной научно-практической конференции "Лингвистические и культурологические аспекты современного инженерного образования", Томск, 10-12 ноября 2021 г.
|f Национальный исследовательский Томский политехнический университет (ТПУ); гл. ред. Ю. В. Кобенко
|v [С. 9-13]
|d 2021
|
| 610 |
1 |
|
|a электронный ресурс
|
| 610 |
1 |
|
|a труды учёных ТПУ
|
| 610 |
1 |
|
|a неологизмы
|
| 610 |
1 |
|
|a гастрономия
|
| 610 |
1 |
|
|a английский язык
|
| 610 |
1 |
|
|a еда
|
| 610 |
1 |
|
|a заимствования
|
| 610 |
1 |
|
|a электронные словари
|
| 700 |
|
1 |
|a Аксёнова
|b Н. В.
|c лингвист
|c доцент Томского политехнического университета, кандидат филологических наук
|f 1979-
|g Наталия Валерьевна
|3 (RuTPU)RU\TPU\pers\31421
|9 15585
|
| 701 |
|
1 |
|a Зеремская
|b Ю. А.
|c лингвист
|c доцент Томского политехнического университета, кандидат филологических наук
|f 1980-
|g Юлия Александровна
|3 (RuTPU)RU\TPU\pers\31962
|9 16022
|
| 701 |
|
1 |
|a Солодовникова
|b О. В.
|c лингвист
|c доцент Томского политехнического университета, кандидат философских наук
|f 1971-
|g Ольга Владимировна
|3 (RuTPU)RU\TPU\pers\26848
|9 12467
|
| 712 |
0 |
2 |
|a Национальный исследовательский Томский политехнический университет
|b Школа базовой инженерной подготовки
|b Отделение иностранных языков
|3 (RuTPU)RU\TPU\col\23510
|
| 801 |
|
2 |
|a RU
|b 63413507
|c 20211224
|g RCR
|
| 856 |
4 |
|
|u http://earchive.tpu.ru/handle/11683/69244
|
| 942 |
|
|
|c BK
|